The Books of Dinosaurs : a complete illustrated history
| Format: | Book |
|---|---|
| Published: |
Leicester :
Blit2 ,
1993
|
| Subjects: |
MARC
| LEADER | 00000cam a2200000 7i4500 | ||
|---|---|---|---|
| 001 | 0000006413 | ||
| 002 | 000006922 | ||
| 005 | 20080605.0 | ||
| 020 | |a 1856052451 | ||
| 090 | 0 | 0 | |a J567.91 |b BOO |
| 245 | 1 | 4 | |a The Books of Dinosaurs : |b a complete illustrated history |
| 260 | |a Leicester : |b Blit2 , |c 1993 | ||
| 300 | |a 59p. : |b ill ; |c 35cm. | ||
| 650 | 0 | 0 | |a Dinasaurs |x Juvenile literature |
| 999 | |a 038012 |b BUKU |c JUNIOR BOOKS |e PERPUSTAKAAN KOMUNITI PETALING JAYA | ||